[Event "Fagernes GM-A 2019"]
[Site "Fagernes"]
[Date "2019.04.16"]
[Round "3.19"]
[White "Dolzhikova, Olga"]
[Black "Grover, Sigurd Loe"]
[Result "0-1"]
[WhiteElo "2231"]
[BlackElo "2020"]
[Annotator "TA"]
[PlyCount "42"]
[EventDate "2019.04.14"]
[EventType "tourn"]
[EventCountry "NOR"]
[SourceTitle "playchess.com"]
[Source "ChessBase"]
[SourceQuality "1"]

{[%evp 17,42,-13,0,-35,-19,-32,-14,-6,0,0,-27,-333,-317,-299,-231,-238,-222,-706,-666,-983,-974,-29985,-29986,-29986,-1268,-29987,-29988]} 1. e4 e6 2. d4 d5 3. e5 c5 4. c3 Nc6 5. Nf3 Nh6 6. a3 Nf5 7. b4 cxd4 8. cxd4 Qb6 9. Be3 f6 10. b5 {[#] C02: French: Advance Variation} (10. exf6 gxf6 11. Nc3 Nxe3 12. fxe3 Bh6 13. e4 dxe4 14. Nxe4 O-O 15. Bc4 Kh8 16. Qd3 f5 17. Nc5 Bg7 {1-0 (58) Savchenko,B (2599)-Vitiugov,N (2738) Wroclaw 2014}) 10... Nxe5 $1 {[%mdl 512]} 11. dxe5 Nxe3 12. fxe3 {The position is equal.} Qxe3+ {[%mdl 64] Double Attack} 13. Qe2 Qc1+ $146 14. Kf2 $2 {[%mdl 8192] [#]} (14. Qd1 $11 Qxd1+ 15. Kxd1) 14... Bc5+ $19 15. Kg3 {White wants to play Qd2.} Qh6 16. Nbd2 O-O 17. Re1 $2 (17. h3) 17... fxe5 18. Qxe5 Rf5 19. Qc7 Qg6+ 20. Kh3 Rh5+ 21. Nh4 e5+ 0-1

[Event "Fagernes GM-A 2019"]
[Site "Fagernes"]
[Date "2019.04.16"]
[Round "3.20"]
[White "Lillevold, Frode"]
[Black "Fuglestein, Sander"]
[Result "0-1"]
[WhiteElo "2076"]
[BlackElo "2000"]
[Annotator "NA"]
[PlyCount "60"]
[EventDate "2019.04.14"]
[EventType "tourn"]
[EventCountry "NOR"]
[SourceTitle "playchess.com"]
[Source "ChessBase"]
[SourceQuality "1"]
[TimeControl "40/7200:3600"]

1. d4 {[%emt 0:00:01]} d5 {[%emt 0:00:10]} 2. c4 {[%emt 0:00:01]} e6 {[%emt 0:00:07]} 3. Nf3 {[%emt 0:00:25]} Nf6 {[%emt 0:00:07]} 4. Bg5 {[%emt 0:00:32]} Be7 {[%emt 0:00:57]} 5. Nc3 {[%emt 0:00:48]} O-O {[%emt 0:00:23]} 6. e3 {[%emt 0:00:07]} Nbd7 {[%emt 0:00:14]} 7. Bd3 {[%emt 0:02:31]} h6 {[%emt 0:00:20]} 8. Bh4 {[%emt 0:00:22]} b6 {[%emt 0:00:14]} 9. cxd5 {[%emt 0:03:06]} Nxd5 {[%emt 0:00:15]} 10. Bxe7 {[%emt 0:03:27]} Qxe7 {[%emt 0:00:08]} 11. Nxd5 {[%emt 0:01:24]} exd5 {[%emt 0:00:05]} 12. O-O {[%emt 0:00:48]} Bb7 {[%emt 0:03:02]} 13. Rc1 {[%emt 0:08:31]} c5 {[%emt 0:05:46]} 14. Qa4 {[%emt 0:05:11]} Rfd8 {[%emt 0:25:32]} 15. Qa3 {[%emt 0:04:32]} Qe6 {[%emt 0:08:10]} 16. dxc5 {[%emt 0:15:20]} Nxc5 {[%emt 0:06:35]} 17. Nd4 {[%emt 1:12:54]} Qf6 {[%emt 0:02:46]} 18. b4 {[%emt 0:00:00]} Ne6 {[%emt 0:14:38]} 19. Nxe6 {[%emt 0:00:00]} Qxe6 {[%emt 0:00:42]} 20. Rc7 {[%emt 0:00:00]} Rd7 {[%emt 0:01:32]} 21. Rfc1 {[%emt 0:00:00]} d4 {[%emt 0:08:36]} 22. exd4 {[%emt 0:00:00]} Qd5 {[%emt 0:05:45]} 23. Bf1 {[%emt 0:00:00]} Qxd4 {[%emt 0:00:53]} 24. Qa4 {[%emt 0:00:00]} Rxc7 {[%emt 0:07:46]} 25. Rxc7 {[%emt 0:00:00]} Bd5 {[%emt 0:01:06]} 26. Rxa7 {[%emt 0:00:00]} Rc8 {[%emt 0:00:15]} 27. Qd7 {[%emt 0:00:00]} Rc1 {[%emt 0:04:27]} 28. Qb5 {[%emt 0:00:00]} Qe4 {[%emt 0:03:55]} 29. f3 {[%emt 0:00:00]} Qe3+ {[%emt 0:00:45]} 30. Kh1 {[%emt 0:00:00]} Qf2 {[%emt 0:00:16]} 0-1

[Event "Fagernes GM-A 2019"]
[Site "Fagernes"]
[Date "2019.04.16"]
[Round "3.21"]
[White "Gronnestad, Anita"]
[Black "Machlik, Monika"]
[Result "0-1"]
[WhiteElo "1954"]
[BlackElo "2059"]
[Annotator "NA"]
[PlyCount "94"]
[EventDate "2019.04.14"]
[EventType "tourn"]
[EventCountry "NOR"]
[SourceTitle "playchess.com"]
[Source "ChessBase"]
[SourceQuality "1"]
[TimeControl "40/7200:3600"]

1. Nf3 {[%emt 0:00:06]} Nf6 {[%emt 0:00:19]} 2. c4 {[%emt 0:00:10]} e6 {[%emt 0:01:32]} 3. g3 {[%emt 0:00:28]} a6 {[%emt 0:03:38]} 4. Bg2 {[%emt 0:00:28]} b5 {[%emt 0:00:19]} 5. b3 {[%emt 0:01:46]} c5 {[%emt 0:01:36]} 6. d4 {[%emt 0:02:31]} Bb7 {[%emt 0:02:33]} 7. d5 {[%emt 0:01:25]} Nxd5 {[%emt 0:39:12]} 8. cxd5 {[%emt 0:00:41]} Qf6 {[%emt 0:00:14]} 9. Nc3 {[%emt 0:36:12]} Qxc3+ {[%emt 0:00:35]} 10. Bd2 {[%emt 0:00:07]} Qf6 {[%emt 0:05:18]} 11. dxe6 {[%emt 0:01:12]} fxe6 {[%emt 0:04:09]} 12. O-O {[%emt 0:01:59]} d5 {[%emt 0:14:18]} 13. e4 {[%emt 0:03:55]} d4 {[%emt 0:02:02]} 14. Ng5 {[%emt 0:03:18]} Ra7 {[%emt 0:11:22]} 15. Bh3 {[%emt 0:08:51]} Bc8 {[%emt 0:01:41]} 16. e5 {[%emt 0:02:18]} Qe7 {[%emt 0:06:49]} 17. Ne4 {[%emt 0:08:17]} Qf7 {[%emt 0:02:09]} 18. Rc1 {[%emt 0:04:08]} Be7 {[%emt 0:01:42]} 19. Bg5 {[%emt 0:09:17]} O-O {[%emt 0:03:12]} 20. Bxe7 {[%emt 0:00:40]} Qxe7 {[%emt 0:00:36]} 21. Nxc5 {[%emt 0:03:32]} Nc6 {[%emt 0:00:25]} 22. f4 {[%emt 0:00:22]} Rc7 {[%emt 0:01:46]} 23. Qg4 {[%emt 0:03:02]} Nxe5 {[%emt 0:01:57]} 24. fxe5 {[%emt 0:00:27]} Rxf1+ {[%emt 0:01:43]} 25. Kxf1 {[%emt 0:01:07]} Rxc5 {[%emt 0:00:10]} 26. Qf4 {[%emt 0:04:58]} Rxc1+ {[%emt 0:01:34]} 27. Qxc1 {[%emt 0:00:02]} Bb7 {[%emt 0:00:48]} 28. Ke2 {[%emt 0:01:53]} h6 {[%emt 0:02:10]} 29. Qf4 {[%emt 0:02:23]} Bd5 {[%emt 0:01:44]} 30. Qxd4 {[%emt 0:00:23]} Qc7 {[%emt 0:00:21]} 31. Kd2 {[%emt 0:00:49]} Qa5+ {[%emt 0:00:23]} 32. b4 {[%emt 0:03:55]} Qxa2+ {[%emt 0:00:02]} 33. Ke3 {[%emt 0:00:54]} Qxh2 {[%emt 0:01:42]} 34. Qh4 {[%emt 0:00:38]} Qg1+ {[%emt 0:00:28]} 35. Kd2 {[%emt 0:00:58]} Qf2+ {[%emt 0:00:05]} 36. Kc3 {[%emt 0:02:24]} Qe3+ {[%emt 0:00:03]} 37. Kc2 {[%emt 0:00:35]} Qe2+ {[%emt 0:00:36]} 38. Kc3 {[%emt 0:00:19]} Qxe5+ {[%emt 0:00:11]} 39. Kd2 {[%emt 0:00:33]} Qb2+ {[%emt 0:00:08]} 40. Ke3 {[%emt 0:00:35]} Qc3+ {[%emt 0:00:03]} 41. Kf2 {[%emt 1:00:32]} Qd2+ {[%emt 1:00:06]} 42. Kg1 {[%emt 0:01:17]} Qe3+ {[%emt 0:00:09]} 43. Kf1 {[%emt 0:00:20]} Bc4+ {[%emt 0:00:00]} 44. Kg2 {[%emt 0:00:00]} Qe2+ {[%emt 0:00:00]} 45. Kg1 {[%emt 0:00:00]} Qe1+ {[%emt 0:00:00]} 46. Kg2 {[%emt 0:00:00]} Bd5+ {[%emt 0:00:00]} 47. Kh2 {[%emt 0:00:00]} Qh1# {[%emt 0:00:00]} 0-1

[Event "Fagernes GM-A 2019"]
[Site "Fagernes"]
[Date "2019.04.18"]
[Round "4"]
[White "Demchenko, Anton"]
[Black "Postny, Evgeny"]
[Result "1-0"]
[WhiteElo "2661"]
[BlackElo "2612"]
[Annotator "RC"]
[PlyCount "73"]
[EventDate "2019.04.14"]
[EventType "tourn"]
[EventCountry "NOR"]
[SourceTitle "playchess.com"]
[Source "ChessBase"]
[SourceQuality "1"]
[TimeControl "40/7200:3600"]

1. e4 {[%emt 0:00:02]} c6 {[%emt 0:02:39]} 2. d4 {[%emt 0:00:40]} d5 {[%emt 0:00:05]} 3. exd5 {[%emt 0:00:32]} cxd5 {[%emt 0:00:06]} 4. Bd3 {[%emt 0:00:05]} Nc6 {[%emt 0:00:16]} 5. c3 {[%emt 0:00:06]} Nf6 {[%emt 0:00:06]} 6. Bf4 {[%emt 0:00:17]} Bg4 {[%emt 0:00:17]} 7. Qb3 {[%emt 0:00:06]} e5 {[%emt 0:00:17]} 8. h3 {[%emt 0:00:57]} Na5 {[%emt 0:00:06]} 9. Qc2 {[%emt 0:00:07]} exf4 {[%emt 0:00:08]} 10. hxg4 {[%emt 0:00:04]} Nxg4 {[%emt 0:00:42]} 11. Qe2+ {[%emt 0:00:08]} Qe7 {[%emt 0:00:05]} 12. Nh3 {[%emt 0:00:09]} f3 {[%emt 0:00:42]} 13. gxf3 {[%emt 0:00:07]} Qxe2+ {[%emt 0:01:02]} 14. Kxe2 {[%emt 0:00:13]} Nf6 {[%emt 0:00:07]} 15. Nd2 {[%emt 0:00:39]} Bd6 {[%emt 0:04:06]} 16. f4 {[%emt 0:03:32]} Nh5 {[%emt 0:10:54]} 17. Kf3 {[%emt 0:01:38]} g6 {[%emt 0:04:29]} 18. f5 {[%emt 0:04:05]} O-O-O {[%emt 0:10:13]} 19. Nf1 {[%emt 0:00:57]} Nc6 {[%emt 0:17:31]} 20. Ne3 {[%emt 0:01:28]} Ne7 {[%emt 0:01:00]} 21. Ng5 {[%emt 0:45:56]} Rdf8 {[%emt 0:02:04]} 22. Rxh5 {[%emt 0:00:52]} gxh5 {[%emt 0:00:10]} 23. f6 {[%emt 0:00:03]} Ng6 {[%emt 0:00:41]} 24. Nxd5 {[%emt 0:00:16]} h6 {[%emt 0:06:52]} 25. Ne4 {[%emt 0:00:18]} Rd8 {[%emt 0:00:09]} 26. Rh1 {[%emt 0:03:16]} h4 {[%emt 0:05:44]} 27. Bc4 {[%emt 0:06:38]} Bb8 {[%emt 0:27:48]} 28. Ne3 {[%emt 0:08:58]} Rdf8 {[%emt 0:01:08]} 29. Nf5 {[%emt 0:02:34]} Kd7 {[%emt 0:00:17]} 30. b4 {[%emt 0:11:44]} b6 {[%emt 0:03:45]} 31. Bb5+ {[%emt 0:01:11]} Kd8 {[%emt 0:03:36]} 32. c4 {[%emt 0:01:31]} h5 {[%emt 0:00:27]} 33. c5 {[%emt 0:02:46]} h3 {[%emt 0:00:15]} 34. Ned6 {[%emt 0:03:44]} Bxd6 {[%emt 0:06:04]} 35. cxd6 {[%emt 0:04:44]} Kc8 {[%emt 0:00:54]} 36. Ne7+ {[%emt 0:02:47]} Kb7 {[%emt 0:00:35]} 37. Rc1 {[%emt 0:00:58]} 1-0

[Event "Fagernes GM-A 2019"]
[Site "Fagernes"]
[Date "2019.04.18"]
[Round "4"]
[White "Vovk, Andriy"]
[Black "Efroimski, Marsel"]
[Result "1/2-1/2"]
[WhiteElo "2616"]
[BlackElo "2287"]
[Annotator "ChessBase"]
[PlyCount "81"]
[EventDate "2019.04.14"]
[EventType "tourn"]
[EventCountry "NOR"]
[SourceTitle "playchess.com"]
[Source "ChessBase"]
[SourceQuality "1"]
[TimeControl "40/7200:3600"]

1. e4 {[%emt 0:04:54]} c5 {[%emt 0:00:01]} 2. Nf3 {[%emt 0:00:19]} d6 {[%emt 0:00:15]} 3. d4 {[%emt 0:02:00]} cxd4 {[%emt 0:00:05]} 4. Nxd4 {[%emt 0:00:08]} Nf6 {[%emt 0:00:02]} 5. Nc3 {[%emt 0:00:13]} Nc6 {[%emt 0:00:03]} 6. g3 {[%emt 0:04:33]} g6 {[%emt 0:01:19]} 7. Bg2 {[%emt 0:00:11]} Nxd4 {[%emt 0:02:21]} 8. Qxd4 {[%emt 0:00:08]} Bg7 {[%emt 0:00:04]} 9. b3 {[%emt 0:11:25]} O-O {[%emt 0:06:36]} 10. Bb2 {[%emt 0:00:53]} Qa5 {[%emt 0:15:48]} 11. Qd2 {[%emt 0:02:52]} Be6 {[%emt 0:10:47]} 12. Na4 {[%emt 0:05:58]} Qh5 {[%emt 0:11:19]} 13. O-O {[%emt 0:13:31]} b5 {[%emt 0:13:02]} 14. Nc3 {[%emt 0:01:27]} Rac8 {[%emt 0:00:54]} 15. Nd1 {[%emt 0:02:33]} Bh3 {[%emt 0:06:41]} 16. Bxh3 {[%emt 0:02:03]} Qxh3 {[%emt 0:00:11]} 17. f3 {[%emt 0:00:12]} Qh5 {[%emt 0:04:42]} 18. Rf2 {[%emt 0:01:19]} Qc5 {[%emt 0:08:04]} 19. Rc1 {[%emt 0:02:49]} Nd7 {[%emt 0:06:43]} 20. Bxg7 {[%emt 0:00:35]} Kxg7 {[%emt 0:00:01]} 21. Ne3 {[%emt 0:00:44]} Nb6 {[%emt 0:00:55]} 22. c4 {[%emt 0:04:36]} bxc4 {[%emt 0:01:57]} 23. bxc4 {[%emt 0:00:24]} e6 {[%emt 0:02:07]} 24. Rc2 {[%emt 0:05:46]} f5 {[%emt 0:03:14]} 25. exf5 {[%emt 0:04:38]} exf5 {[%emt 0:00:07]} 26. Qc3+ {[%emt 0:03:00]} Kg8 {[%emt 0:00:33]} 27. Qd3 {[%emt 0:00:24]} Rfe8 {[%emt 0:02:29]} 28. Nd5 {[%emt 0:00:59]} Nxd5 {[%emt 0:02:20]} 29. cxd5 {[%emt 0:00:23]} Qb4 {[%emt 0:04:54]} 30. Rxc8 {[%emt 0:01:27]} Rxc8 {[%emt 0:00:09]} 31. Qe3 {[%emt 0:01:03]} Qc5 {[%emt 0:02:05]} 32. Qe6+ {[%emt 0:01:43]} Kf8 {[%emt 0:00:20]} 33. Qd7 {[%emt 0:02:40]} Re8 {[%emt 0:00:56]} 34. Kg2 {[%emt 0:01:43]} Re7 {[%emt 0:00:36]} 35. Qd8+ {[%emt 0:00:08]} Re8 {[%emt 0:00:14]} 36. Qh4 {[%emt 0:02:19]} Kg7 {[%emt 0:00:27]} 37. Qa4 {[%emt 0:01:50]} Re7 {[%emt 0:03:49]} 38. Rd2 {[%emt 0:01:52]} Qe3 {[%emt 0:00:12]} 39. Qb4 {[%emt 0:00:16]} Qe1 {[%emt 0:01:02]} 40. Qb2+ {[%emt 0:01:01]} Qe5 {[%emt 0:01:13]} 41. Qa3 {[%emt 1:01:57]} 1/2-1/2

[Event "Fagernes GM-A 2019"]
[Site "Fagernes"]
[Date "2019.04.18"]
[Round "4"]
[White "Turov, Maxim"]
[Black "Notkevich, Benjamin Arvola"]
[Result "1-0"]
[WhiteElo "2584"]
[BlackElo "2495"]
[Annotator "ChessBase"]
[PlyCount "177"]
[EventDate "2019.04.14"]
[EventType "tourn"]
[EventCountry "NOR"]
[SourceTitle "playchess.com"]
[Source "ChessBase"]
[SourceQuality "1"]
[TimeControl "40/7200:3600"]

1. d4 {[%emt 0:00:12]} Nf6 {[%emt 0:00:05]} 2. c4 {[%emt 0:00:15]} e6 {[%emt 0:00:05]} 3. Nf3 {[%emt 0:00:05]} d5 {[%emt 0:00:06]} 4. Nc3 {[%emt 0:00:22]} Bb4 {[%emt 0:00:10]} 5. Qa4+ {[%emt 0:01:45]} Nc6 {[%emt 0:00:07]} 6. Bg5 {[%emt 0:00:06]} h6 {[%emt 0:00:20]} 7. Bxf6 {[%emt 0:00:05]} Qxf6 {[%emt 0:00:05]} 8. e3 {[%emt 0:00:03]} O-O {[%emt 0:00:32]} 9. Rd1 {[%emt 0:00:09]} a6 {[%emt 0:13:31]} 10. Qb3 {[%emt 0:08:14]} Qe7 {[%emt 0:20:12]} 11. cxd5 {[%emt 0:09:59]} Na5 {[%emt 0:14:12]} 12. Qc2 {[%emt 0:00:14]} exd5 {[%emt 0:00:12]} 13. a3 {[%emt 0:11:24]} Bxc3+ {[%emt 0:00:05]} 14. Qxc3 {[%emt 0:00:05]} Nc6 {[%emt 0:00:06]} 15. Be2 {[%emt 0:03:29]} Bg4 {[%emt 0:03:45]} 16. h3 {[%emt 0:00:59]} Bxf3 {[%emt 0:05:50]} 17. Bxf3 {[%emt 0:00:05]} Qd6 {[%emt 0:00:18]} 18. Rc1 {[%emt 0:07:53]} Rfd8 {[%emt 0:00:09]} 19. O-O {[%emt 0:07:03]} Rd7 {[%emt 0:00:14]} 20. Bg4 {[%emt 0:07:36]} Re7 {[%emt 0:02:32]} 21. Qc5 {[%emt 0:02:00]} Rd8 {[%emt 0:03:27]} 22. b4 {[%emt 0:02:25]} g6 {[%emt 0:15:54]} 23. Bf3 {[%emt 0:06:03]} Rdd7 {[%emt 0:01:47]} 24. Qxd6 {[%emt 0:00:44]} Rxd6 {[%emt 0:00:06]} 25. Rc5 {[%emt 0:00:15]} Red7 {[%emt 0:00:09]} 26. Rfc1 {[%emt 0:00:15]} Kf8 {[%emt 0:01:00]} 27. Bd1 {[%emt 0:05:50]} Ke7 {[%emt 0:13:31]} 28. Ba4 {[%emt 0:00:26]} Kd8 {[%emt 0:00:05]} 29. Bxc6 {[%emt 0:00:15]} bxc6 {[%emt 0:00:04]} 30. g4 {[%emt 0:08:53]} Kc8 {[%emt 0:04:23]} 31. Rxc6 {[%emt 0:00:10]} Kb7 {[%emt 0:00:20]} 32. Rxd6 {[%emt 0:00:07]} Rxd6 {[%emt 0:00:05]} 33. Kf1 {[%emt 0:01:07]} c6 {[%emt 0:00:57]} 34. Ke2 {[%emt 0:00:12]} Kb6 {[%emt 0:00:31]} 35. a4 {[%emt 0:04:32]} g5 {[%emt 0:03:03]} 36. Rf1 {[%emt 0:00:41]} h5 {[%emt 0:05:24]} 37. Kf3 {[%emt 0:06:28]} Rf6+ {[%emt 0:03:56]} 38. Kg3 {[%emt 0:00:52]} h4+ {[%emt 0:01:30]} 39. Kg2 {[%emt 0:00:03]} Re6 {[%emt 0:00:19]} 40. Rb1 {[%emt 0:05:42]} f6 {[%emt 0:00:34]} 41. Kf3 {[%emt 1:00:16]} Re8 {[%emt 0:07:08]} 42. Ke2 {[%emt 0:00:00]} Kc7 {[%emt 0:00:39]} 43. Kd3 {[%emt 0:00:00]} Kd6 {[%emt 0:01:43]} 44. Rb2 {[%emt 0:00:00]} Re7 {[%emt 0:08:39]} 45. f3 {[%emt 0:00:00]} Re8 {[%emt 0:24:23]} 46. e4 {[%emt 0:00:00]} Rb8 {[%emt 0:02:26]} 47. Ke3 {[%emt 0:00:00]} Rb7 {[%emt 0:03:34]} 48. Kd3 {[%emt 0:00:00]} Rb8 {[%emt 0:00:21]} 49. Kc3 {[%emt 0:00:00]} Re8 {[%emt 0:00:28]} 50. Re2 {[%emt 0:00:00]} Re7 {[%emt 0:00:13]} 51. Re1 {[%emt 0:00:00]} Re8 {[%emt 0:00:18]} 52. Kd3 {[%emt 0:00:00]} Re7 {[%emt 0:01:59]} 53. Re2 {[%emt 0:00:00]} Rf7 {[%emt 0:00:27]} 54. exd5 {[%emt 0:00:00]} cxd5 {[%emt 0:00:16]} 55. b5 {[%emt 0:00:00]} axb5 {[%emt 0:00:13]} 56. axb5 {[%emt 0:00:00]} Ra7 {[%emt 0:01:24]} 57. Rc2 {[%emt 0:00:00]} Ra5 {[%emt 0:01:52]} 58. Rc6+ {[%emt 0:00:00]} Ke7 {[%emt 0:00:01]} 59. Rc5 {[%emt 0:00:00]} Kd6 {[%emt 0:00:09]} 60. b6 {[%emt 0:00:00]} Ra8 {[%emt 0:00:01]} 61. Kc3 {[%emt 0:00:35]} Rb8 {[%emt 0:00:08]} 62. Rb5 {[%emt 0:00:07]} Kc6 {[%emt 0:00:02]} 63. Rb3 {[%emt 0:00:50]} Re8 {[%emt 0:01:11]} 64. Rb1 {[%emt 0:00:47]} Re7 {[%emt 0:00:29]} 65. Rb4 {[%emt 0:00:54]} Re3+ {[%emt 0:00:20]} 66. Kd2 {[%emt 0:03:26]} Re7 {[%emt 0:00:01]} 67. Kd3 {[%emt 0:00:05]} Kb7 {[%emt 0:00:25]} 68. Rb5 {[%emt 0:00:09]} Kc6 {[%emt 0:00:02]} 69. Rc5+ {[%emt 0:00:15]} Kd6 {[%emt 0:00:05]} 70. Rc1 {[%emt 0:01:45]} Rb7 {[%emt 0:00:09]} 71. Rb1 {[%emt 0:00:06]} Kc6 {[%emt 0:00:03]} 72. Kc3 {[%emt 0:00:26]} Re7 {[%emt 0:00:02]} 73. Rb3 {[%emt 0:00:52]} Rb7 {[%emt 0:00:15]} 74. Rb4 {[%emt 0:00:15]} Re7 {[%emt 0:00:05]} 75. Kb3 {[%emt 0:00:00]} Kb7 {[%emt 0:00:11]} 76. Ka4 {[%emt 0:00:00]} Re1 {[%emt 0:00:12]} 77. Rb3 {[%emt 0:00:00]} Ka6 {[%emt 0:00:04]} 78. b7 {[%emt 0:00:00]} Ra1+ {[%emt 0:00:01]} 79. Kb4 {[%emt 0:00:00]} Kxb7 {[%emt 0:00:02]} 80. Kc5+ {[%emt 0:00:00]} Kc7 {[%emt 0:00:02]} 81. Kxd5 {[%emt 0:00:00]} Rh1 {[%emt 0:00:03]} 82. f4 {[%emt 0:00:00]} gxf4 {[%emt 0:00:02]} 83. Ke4 {[%emt 0:00:00]} Kd6 {[%emt 0:00:00]} 84. Kxf4 {[%emt 0:02:09]} Kd5 85. Rf3 {[%emt 0:00:00]} Kxd4 {[%emt 0:00:02]} 86. Kf5 {[%emt 0:00:00]} Rh2 {[%emt 0:00:01]} 87. Kxf6 {[%emt 0:00:00]} Ke4 {[%emt 0:00:01]} 88. Ra3 {[%emt 0:00:00]} Rf2+ {[%emt 0:00:01]} 89. Kg5 {[%emt 0:00:00]} 1-0

[Event "Fagernes GM-A 2019"]
[Site "Fagernes"]
[Date "2019.04.18"]
[Round "4"]
[White "Vorobiov, Evgeny E."]
[Black "Galinsky, Timofey"]
[Result "1/2-1/2"]
[WhiteElo "2565"]
[BlackElo "2378"]
[Annotator "ChessBase"]
[PlyCount "136"]
[EventDate "2019.04.14"]
[EventType "tourn"]
[EventCountry "NOR"]
[SourceTitle "playchess.com"]
[Source "ChessBase"]
[SourceQuality "1"]
[TimeControl "40/7200:3600"]

1. e4 {[%emt 0:00:03]} e6 {[%emt 0:02:38]} 2. d3 {[%emt 0:00:06]} d5 {[%emt 0:00:30]} 3. Nd2 {[%emt 0:00:06]} Nf6 {[%emt 0:00:37]} 4. e5 {[%emt 0:00:06]} Nfd7 {[%emt 0:00:50]} 5. f4 {[%emt 0:00:07]} c5 {[%emt 0:02:33]} 6. Ndf3 {[%emt 0:00:31]} Nc6 {[%emt 0:01:29]} 7. g3 {[%emt 0:00:06]} Be7 {[%emt 0:03:59]} 8. Bg2 {[%emt 0:00:39]} Qc7 {[%emt 0:01:26]} 9. Nh3 {[%emt 0:03:20]} h6 {[%emt 0:02:05]} 10. O-O {[%emt 0:01:54]} b6 {[%emt 0:01:45]} 11. Qe2 {[%emt 0:00:47]} g6 {[%emt 0:01:49]} 12. Bd2 {[%emt 0:00:26]} Bb7 {[%emt 0:00:55]} 13. c3 {[%emt 0:01:41]} a5 {[%emt 0:06:03]} 14. Nf2 {[%emt 0:06:29]} O-O-O {[%emt 0:02:27]} 15. Rfc1 {[%emt 0:03:59]} Ba6 {[%emt 0:08:23]} 16. b3 {[%emt 0:15:11]} g5 {[%emt 0:04:54]} 17. a3 {[%emt 0:03:39]} h5 {[%emt 0:02:38]} 18. b4 {[%emt 0:13:30]} gxf4 {[%emt 0:01:03]} 19. Bxf4 {[%emt 0:01:44]} h4 {[%emt 0:03:44]} 20. Rab1 {[%emt 0:03:18]} hxg3 {[%emt 0:00:27]} 21. hxg3 {[%emt 0:00:35]} Bb7 {[%emt 0:00:28]} 22. d4 {[%emt 0:05:00]} c4 {[%emt 0:00:47]} 23. b5 {[%emt 0:06:01]} Ncb8 {[%emt 0:00:26]} 24. a4 {[%emt 0:00:02]} Rdg8 {[%emt 0:00:14]} 25. Nh3 {[%emt 0:00:58]} Nf8 {[%emt 0:00:10]} 26. Kf2 {[%emt 0:00:23]} Qd8 {[%emt 0:01:43]} 27. Rh1 {[%emt 0:00:45]} Nbd7 {[%emt 0:00:43]} 28. Qe3 {[%emt 0:02:06]} Ng6 {[%emt 0:00:57]} 29. Nhg5 {[%emt 0:01:56]} Nxf4 {[%emt 0:02:40]} 30. gxf4 {[%emt 0:00:28]} Qe8 {[%emt 0:03:56]} 31. Rxh8 {[%emt 0:04:14]} Rxh8 {[%emt 0:00:04]} 32. Bh3 {[%emt 0:00:28]} Kb8 {[%emt 0:00:58]} 33. Rg1 {[%emt 0:00:44]} Bc8 {[%emt 0:00:28]} 34. Bg4 {[%emt 0:15:13]} Nf8 {[%emt 0:00:39]} 35. Qc1 {[%emt 0:01:22]} Nh7 {[%emt 0:02:09]} 36. Rh1 {[%emt 0:07:32]} Nxg5 {[%emt 0:01:12]} 37. Nxg5 {[%emt 0:06:17]} f6 {[%emt 0:08:09]} 38. exf6 {[%emt 0:02:10]} Bxf6 {[%emt 0:00:19]} 39. Rxh8 {[%emt 0:00:48]} Qxh8 {[%emt 0:00:07]} 40. Kg3 {[%emt 0:00:49]} Qh6 {[%emt 0:07:18]} 41. Qe3 {[%emt 1:04:10]} Kc7 {[%emt 1:02:10]} 42. Bxe6 {[%emt 0:00:00]} Bxg5 {[%emt 0:00:00]} 43. Qe5+ {[%emt 0:00:00]} Kd8 {[%emt 0:00:00]} 44. Qxd5+ {[%emt 0:00:00]} Ke7 {[%emt 0:00:00]} 45. Bxc8 {[%emt 0:00:00]} Bxf4+ {[%emt 0:00:00]} 46. Kg4 {[%emt 0:00:00]} Bd6 {[%emt 0:00:00]} 47. Qe4+ {[%emt 0:00:00]} Kd8 {[%emt 0:00:00]} 48. Bf5 {[%emt 0:00:00]} Qg7+ {[%emt 0:00:00]} 49. Kh5 {[%emt 0:00:00]} Qh8+ {[%emt 0:00:00]} 50. Kg4 {[%emt 0:00:00]} Qg7+ {[%emt 0:00:00]} 51. Kf3 {[%emt 0:00:00]} Qg3+ {[%emt 0:00:00]} 52. Ke2 {[%emt 0:00:00]} Qh2+ {[%emt 0:00:00]} 53. Kf1 {[%emt 0:00:00]} Qf4+ {[%emt 0:00:00]} 54. Qxf4 {[%emt 0:00:00]} Bxf4 {[%emt 0:00:00]} 55. Ke2 {[%emt 0:00:00]} Ke7 {[%emt 0:00:00]} 56. Be4 {[%emt 0:00:00]} Kd6 {[%emt 0:00:00]} 57. Bh7 {[%emt 0:00:00]} Bg3 {[%emt 0:00:00]} 58. Bg8 {[%emt 0:00:00]} Bf4 {[%emt 0:00:00]} 59. Bxc4 {[%emt 0:00:00]} Bg3 {[%emt 0:00:00]} 60. Kd3 {[%emt 0:00:00]} Bf2 {[%emt 0:00:00]} 61. Bf7 {[%emt 0:00:00]} Be1 {[%emt 0:00:00]} 62. c4 {[%emt 0:00:00]} Bf2 {[%emt 0:00:00]} 63. Ke4 {[%emt 0:00:00]} Bg1 {[%emt 0:00:00]} 64. Bh5 {[%emt 0:00:00]} Bf2 {[%emt 0:00:00]} 65. Be2 {[%emt 0:00:00]} Bg1 {[%emt 0:00:00]} 66. c5+ {[%emt 0:00:00]} bxc5 {[%emt 0:00:00]} 67. d5 {[%emt 0:00:00]} c4 {[%emt 0:00:00]} 68. Bxc4 {[%emt 0:00:00]} Bf2 {[%emt 0:00:00]} 1/2-1/2

[Event "Fagernes GM-A 2019"]
[Site "Fagernes"]
[Date "2019.04.18"]
[Round "4"]
[White "Urkedal, Frode Olav Olsen"]
[Black "Alekseev, Evgeny"]
[Result "1/2-1/2"]
[WhiteElo "2513"]
[BlackElo "2649"]
[Annotator "ChessBase"]
[PlyCount "46"]
[EventDate "2019.04.14"]
[EventType "tourn"]
[EventCountry "NOR"]
[SourceTitle "playchess.com"]
[Source "ChessBase"]
[SourceQuality "1"]
[TimeControl "40/7200:3600"]

1. d4 {[%emt 0:01:34]} d5 {[%emt 0:01:11]} 2. c4 {[%emt 0:00:05]} e6 {[%emt 0:00:19]} 3. Nc3 {[%emt 0:00:04]} Bb4 {[%emt 0:00:20]} 4. Nf3 {[%emt 0:01:18]} Nf6 {[%emt 0:01:55]} 5. cxd5 {[%emt 0:00:29]} exd5 {[%emt 0:03:07]} 6. Bg5 {[%emt 0:00:06]} Nbd7 {[%emt 0:18:24]} 7. e3 {[%emt 0:00:42]} h6 {[%emt 0:04:35]} 8. Bh4 {[%emt 0:00:58]} g5 {[%emt 0:02:44]} 9. Bg3 {[%emt 0:00:05]} Ne4 {[%emt 0:00:19]} 10. Nd2 {[%emt 0:00:04]} Nxg3 {[%emt 0:01:09]} 11. hxg3 {[%emt 0:00:05]} Nb6 {[%emt 0:03:03]} 12. Qc2 {[%emt 0:04:53]} Be6 {[%emt 0:05:08]} 13. Bd3 {[%emt 0:01:52]} c6 {[%emt 0:04:19]} 14. a3 {[%emt 0:05:05]} Bf8 {[%emt 0:04:33]} 15. O-O-O {[%emt 0:06:44]} Qe7 {[%emt 0:10:41]} 16. Bf5 {[%emt 0:10:19]} O-O-O {[%emt 0:02:55]} 17. g4 {[%emt 0:00:32]} Kb8 {[%emt 0:04:41]} 18. Kb1 {[%emt 0:04:50]} Bg7 {[%emt 0:10:46]} 19. Ne2 {[%emt 0:01:15]} Rc8 {[%emt 0:01:44]} 20. Rc1 {[%emt 0:05:55]} Nd7 {[%emt 0:05:10]} 21. Nb3 {[%emt 0:08:12]} b6 {[%emt 0:03:15]} 22. Ng3 {[%emt 0:00:46]} Nf6 {[%emt 0:02:05]} 23. Qe2 {[%emt 0:08:58]} Rc7 {[%emt 0:01:57]} 1/2-1/2